ARRUPE JESUIT UNIVERSITY

CORONAVIRUS -STOP THE SPREAD - CLEAN,DISINFECT,COVER

Land, labour and livelihoods in rural South Africa. (Record no. 129992)

MARC details
000 -LEADER
fixed length control field 01537cam a2200349 a 4500
001 - CONTROL NUMBER
control field 718047
003 - CONTROL NUMBER IDENTIFIER
control field ARRUPE
005 - DATE AND TIME OF LATEST TRANSACTION
control field 20191112120010.0
008 - FIXED-LENGTH DATA ELEMENTS--GENERAL INFORMATION
fixed length control field 970716s1996 sa ab b 001 0 eng d
010 ## - LIBRARY OF CONGRESS CONTROL NUMBER
LC control number 97173088
020 ## - INTERNATIONAL STANDARD BOOK NUMBER
International Standard Book Number 1868402347
035 ## - SYSTEM CONTROL NUMBER
System control number (OCoLC)37305782
040 ## - CATALOGING SOURCE
Original cataloging agency EEM
Transcribing agency EEM
Modifying agency DLC
042 ## - AUTHENTICATION CODE
Authentication code lccopycat
043 ## - GEOGRAPHIC AREA CODE
Geographic area code f-sa---
050 04 - LIBRARY OF CONGRESS CALL NUMBER
Classification number HN801.Z9
Item number C638 1996
082 00 - DEWEY DECIMAL CLASSIFICATION NUMBER
Classification number 307.72/0968
Edition number 21
300 ## - PHYSICAL DESCRIPTION
Other physical details ill., maps ;
Dimensions 24 cm.
245 00 - TITLE STATEMENT
Title Land, labour and livelihoods in rural South Africa.
Remainder of title Volume two: KwaZulu-Natal and Northen Province
Statement of responsibility, etc Edited by Michael Lipton, frank ellis and Merle Lipton
260 ## - PUBLICATION, DISTRIBUTION, ETC. (IMPRINT)
Place of publication, distribution, etc Durban, South Africa :
Name of publisher, distributor, etc Indicator Press, University of Natal ;
Place of publication, distribution, etc Johannesburg :
Name of publisher, distributor, etc Thorold's Africana Books [distributor],
Date of publication, distribution, etc c1996.
300 ## - PHYSICAL DESCRIPTION
Extent xxx, 444p. ;
500 ## - GENERAL NOTE
General note "December 1996".
500 ## - GENERAL NOTE
General note Distributor from label on p. [2] cover.
504 ## - BIBLIOGRAPHY, ETC. NOTE
Bibliography, etc Includes bibliographical references and indexes.
505 0# - FORMATTED CONTENTS NOTE
Formatted contents note v. 1. Western Cape / editors Michael Lipton, Mike de Klerk, and Merle Lipton -- v. 2. KwaZulu-Natal and Northern Province / editors Michael Lipton, Frank Ellis, and Merle Lipton.
650 #0 - SUBJECT ADDED ENTRY--TOPICAL TERM
Topical term or geographic name as entry element Rural development
Geographic subdivision South Africa.
9 (RLIN) 48573
650 #0 - SUBJECT ADDED ENTRY--TOPICAL TERM
Topical term or geographic name as entry element Rural unemployment
Geographic subdivision South Africa.
9 (RLIN) 48574
651 #0 - SUBJECT ADDED ENTRY--GEOGRAPHIC NAME
Geographic name South Africa
General subdivision Rural conditions.
9 (RLIN) 48575
700 1# - ADDED ENTRY--PERSONAL NAME
Personal name Lipton, Michael,
Dates associated with a name 1937-
9 (RLIN) 48576
906 ## - LOCAL DATA ELEMENT F, LDF (RLIN)
a 0
b cbc
c copycat
d 2
e ncip
f 19
g y-gencatlg
942 ## - ADDED ENTRY ELEMENTS (KOHA)
Source of classification or shelving scheme Library of Congress Classification
Koha item type Monograph ( Printed materials)
Holdings
Withdrawn status Lost status Source of classification or shelving scheme Damaged status Not for loan Collection code Home library Current library Shelving location Date acquired Total Checkouts Full call number Barcode Date last seen Price effective from Koha item type
    Library of Congress Classification     Main Collection ARRUPE LIBRARY ARRUPE LIBRARY Main Collection 12/11/2019   HN801.Z9 C638 1996 46600005713 12/11/2019 12/11/2019 Monograph ( Printed materials)

 

Arrupe Library. PO Box MP320 Mt Pleasant, Harare, Zimbabwe
263 242 745411|librarian@aju.ac.zw